Graphene surfaces: Particles and catalysts (Record no. 1214387)

MARC details
000 -LEADER
fixed length control field 01116nam a2200325Ia 4500
003 - CONTROL NUMBER IDENTIFIER
control field OSt
005 - DATE AND TIME OF LATEST TRANSACTION
control field 20221007124924.0
008 - FIXED-LENGTH DATA ELEMENTS--GENERAL INFORMATION
fixed length control field 221006b |||||||| |||| 00| 0 eng d
020 ## - INTERNATIONAL STANDARD BOOK NUMBER
International Standard Book Number 97801208145234 (pbk)
037 ## - SOURCE OF ACQUISITION
Terms of availability Textual
040 ## - CATALOGING SOURCE
Original cataloging agency CDL
Transcribing agency CDL
Language of cataloging eng
041 ## - LANGUAGE CODE
Source of code eng
Language code of text/sound track or separate title eng
100 ## - MAIN ENTRY--PERSONAL NAME
Personal name Kakaei Karim
9 (RLIN) 721015
245 #0 - TITLE STATEMENT
Title Graphene surfaces: Particles and catalysts
Remainder of title Esrafili Mehdi D Ehsani Ali
260 ## - PUBLICATION, DISTRIBUTION, ETC.
Place of publication, distribution, etc. London
Name of publisher, distributor, etc. Academic Press
Date of publication, distribution, etc. 2019
300 ## - PHYSICAL DESCRIPTION
Extent ix, 445p. ill.
Dimensions cm.
490 ## - SERIES STATEMENT
Volume/sequential designation Vol.27
Series statement Interface science and technology
500 ## - GENERAL NOTE
General note Include references; Index 439-445p.
650 ## - SUBJECT ADDED ENTRY--TOPICAL TERM
Topical term or geographic name entry element Gas convertor
9 (RLIN) 721016
650 ## - SUBJECT ADDED ENTRY--TOPICAL TERM
Topical term or geographic name entry element Oxygen reduction reaction
9 (RLIN) 721017
650 ## - SUBJECT ADDED ENTRY--TOPICAL TERM
Topical term or geographic name entry element Chemistry
700 ## - ADDED ENTRY--PERSONAL NAME
Personal name Ehsani Ali
9 (RLIN) 721018
700 ## - ADDED ENTRY--PERSONAL NAME
Personal name Esrafili Mehdi D
9 (RLIN) 721019
942 ## - ADDED ENTRY ELEMENTS (KOHA)
Classification part E232, Q9 Carc
Koha item type Textual
Source of classification or shelving scheme Colon Classification (CC)
Holdings
Withdrawn status Lost status Source of classification or shelving scheme Damaged status Not for loan Home library Current library Date acquired Source of acquisition Serial Enumeration / chronology Total Checkouts Full call number Barcode Date last seen Price effective from Koha item type
    Colon Classification (CC)     Department of Chemistry Library Department of Chemistry Library 2022-10-07 5397, 22/02/2019, Ashutosh Technical Books Vol.27   E232 Q9 Carc CD0009346 2022-10-07 2022-10-07 Textual
Copyright @ Delhi University Library System